Volatility Spillovers and Contagion from Mature to Emerging Stock Markets /

This paper examines volatility spillovers from mature to emerging stock markets and tests for changes in the transmission mechanism-contagion-during turbulences in mature markets. Tri-variate GARCH-BEKK models of returns in global (mature), regional, and local markets are estimated for 41 emerging m...

Full description

Bibliographic Details
Main Author: Caporale, Guglielmo
Other Authors: Beirne, John, Schulze-Ghattas, Marianne, Spagnolo, Nicola
Format: Journal
Language:English
Published: Washington, D.C. : International Monetary Fund, 2008.
Series:IMF Working Papers; Working Paper ; No. 2008/286
Online Access:Full text available on IMF
LEADER 01946cas a2200277 a 4500
001 AALejournalIMF005506
008 230101c9999 xx r poo 0 0eng d
020 |c 5.00 USD 
020 |z 9781451871449 
022 |a 1018-5941 
040 |a BD-DhAAL  |c BD-DhAAL 
100 1 |a Caporale, Guglielmo. 
245 1 0 |a Volatility Spillovers and Contagion from Mature to Emerging Stock Markets /  |c Guglielmo Caporale, Marianne Schulze-Ghattas, John Beirne, Nicola Spagnolo. 
264 1 |a Washington, D.C. :  |b International Monetary Fund,  |c 2008. 
300 |a 1 online resource (40 pages) 
490 1 |a IMF Working Papers 
500 |a <strong>Off-Campus Access:</strong> No User ID or Password Required 
500 |a <strong>On-Campus Access:</strong> No User ID or Password Required 
506 |a Electronic access restricted to authorized BRAC University faculty, staff and students 
520 3 |a This paper examines volatility spillovers from mature to emerging stock markets and tests for changes in the transmission mechanism-contagion-during turbulences in mature markets. Tri-variate GARCH-BEKK models of returns in global (mature), regional, and local markets are estimated for 41 emerging market economies (EMEs), with a dummy capturing parameter shifts during turbulent episodes. LR tests suggest that mature markets influence conditional variances in many emerging markets. Moreover, spillover parameters change during turbulent episodes. Conditional variances in most EMEs rise during these episodes, but there is only limited evidence of shifts in conditional correlations between mature and emerging markets. 
538 |a Mode of access: Internet 
700 1 |a Beirne, John. 
700 1 |a Schulze-Ghattas, Marianne. 
700 1 |a Spagnolo, Nicola. 
830 0 |a IMF Working Papers; Working Paper ;  |v No. 2008/286 
856 4 0 |z Full text available on IMF  |u http://elibrary.imf.org/view/journals/001/2008/286/001.2008.issue-286-en.xml  |z IMF e-Library